Copenhague: ¿éxito potencial de un fracaso? /
Guardado en:
| Hovedforfatter: | |
|---|---|
| Format: | Texto |
| Fag: | |
| Tags: |
Tilføj Tag
Ingen Tags, Vær først til at tagge denne postø!
|
MARC
| LEADER | 00000 a a2200000 04500 | ||
|---|---|---|---|
| 001 | 7095 | ||
| 003 | |||
| 040 | |||
| 100 | |a Gorostiaga, Xavier | ||
| 245 | |a Copenhague: |b ¿éxito potencial de un fracaso? / |c Xavier Gorostiaga | ||
| 650 | |a DESARROLLO SOCIAL | ||
| 650 | |a POBREZA | ||
| 650 | |a DESARROLLO ECONOMICO Y SOCIAL | ||
| 650 | |a DESEMPLEO | ||
| 650 | |a COOPERACION INTERNACIONAL | ||
| 650 | |a BANCO MUNDIAL | ||
| 650 | |a FMI | ||
| 650 | |a EVALUACION SOCIEDAD CIVIL | ||
| 773 | |g volumen 14, número 158; páginas 53-59 | ||
| 999 | |c 38776 |d 38776 | ||
